10 największych jezior w Polsce - Statystyki

Ogólne statystyki
  • Ten quiz został rozwiązany 33 razy
  • Średni wynik to 6 z 10
Statystyki odpowiedzi
Województwo Jezioro % Poprawnych
Warmińsko-mazurskie Śniardwy
100%
Warmińsko-mazurskie Mamry
92%
Pomorskie Łebsko
67%
Kujawsko-pomorskie Gopło
54%
Warmińsko-mazurskie Jeziorak
54%
Zachodniopomorskie Dąbie
50%
Zachodniopomorskie Jamno
46%
Pomorskie Gardno
42%
Warmińsko-mazurskie Niegocin
42%
Zachodniopomorskie Miedwie
29%
Nie znaleziono quizów pasujących do podanych kryteriów
Rozkład punktacji
Procent ludzi z każdym wynikiem
Percentyl według liczby udzielonych odpowiedzi
Twoja historia wyników
Nie rozwiązałeś tego quizu